| 000 | 00629nam a2200217Ii 4500 | ||
|---|---|---|---|
| 003 | JO-AjNU | ||
| 008 | 230606s9999||||xx |||||||||||||| ||und|| | ||
| 020 | _a978-0-13-705632-3/0-13-705632-X | ||
| 040 |
_aJO-AjNU _beng _erda _cJO-AjNU |
||
| 041 | _aeng | ||
| 050 | 1 | 4 | _aTK5105.59.S713 2011 |
| 100 | 3 |
_aStallings,Willam, _eauthor _9835 |
|
| 245 | 0 | 0 | _aCryptography and Network security |
| 250 | _a5 ed | ||
| 264 | 3 | 1 | _aNew Jersy:pearson,2011 |
| 300 | _a738p | ||
| 336 |
_atext _btxt _2rdacontent |
||
| 337 |
_aunmediated _bn _2rdamedia |
||
| 338 |
_avolume _bnc _2rdacarrier |
||
| 650 | 4 |
_aCryptography and Network security _9836 |
|
| 999 |
_aE442 _c442 _d442 |
||